Statistics for Mason Mount

Click here to take the quiz!

General Stats

  • This quiz has been taken 495 times
  • The average score is 6 of 10

Answer Stats

QuestionAnswer% Correct
What is Mason Mount's middle name?Tony
87%
Where was Mason Mount born?Portsmouth
83%
When was Mason Mount born?10 january 1999
80%
What are the names of Mason Mount's sisters?Stacey and Jasmine
68%
Mason Mount is a patron for what charity?Together for short lives
64%
During the 2018/2019 season, Mason Mount was on loan at which club?Derby County
58%
Mason Mount was nominated for a ballon d'or in 2021, where did he end?19th
57%
Against which club did Mason Mount score his first hat-trick?Norwich City
56%
Against what club did Mason Mount score his first champions league goal?FC Porto
39%
Against which country did Mason Mount make his England debutBulgaria
30%

Score Distribution

Percentile by Number Answered

Percent of People with Each Score

Your Score History

You have not taken this quiz